000 00420nam a2200169Ia 4500
001 24764
005 20260414151105.0
008 260414t2016||||xx |||||||||||||| ||spa||
041 _aESP
082 _a345.733
_bG84
100 _aGuadalupe Ramos, Dora Aurora
_eAUT
245 0 _aEl ejercicio de la ética en la función notarial
_b
260 _c2016
650 _aDER
654 _aCDE
942 _cLIB
_dJUS
_fJUS
_2ddc
_n
999 _c24764
_d24764